[Event "LLHH 2324 SK Johanneum Eppendorf II - Ha"]
[Site "?"]
[Date "2024.01.14"]
[Round "4.3"]
[White "Posske, Thore"]
[Black "Keyser, Philipp"]
[Result "0-1"]
[WhiteElo "1984"]
[BlackElo "2050"]
[PlyCount "128"]
[EventDate "2024.??.??"]

1. d4 Nf6 2. Nf3 e6 3. g3 b5 4. Bg2 Bb7 5. O-O Be7 6. Re1 O-O 7. Qd3 a6 8. e4 d5 9. e5 Ne4 10. Nfd2 Nxd2 11. Nxd2 c5 12. dxc5 Bxc5 13. Nb3 Bb6 14. Be3 Nd7 15. Bxb6 Qxb6 16. Qd4 Rac8 17. c3 Rc4 18. Qxb6 Nxb6 19. a3 Rc7 20. Re2 Nc4 21. Nd4 Bc6 22. f4 g6 23. g4 Bd7 24. g5 Rb8 25. Rb1 a5 26. Nc2 Nb6 27. Ne3 Na4 28. Ng4 b4 29. axb4 axb4 30. c4 dxc4 31. Rd2 Be8 32. Rbd1 Nb6 33. Nf6+ Kf8 34. Nxh7+ Ke7 35. Nf6 c3 36. bxc3 bxc3 37. Nxe8 Kxe8 38. Rc2 Nd5 39. Bxd5 exd5 40. Rd3 d4 41. Kf2 Rc4 42. Ke2 Ke7 43. Rg3 Ke6 44. Kd3 Kd5 45. f5 Rb2 46. e6 fxe6 47. fxe6 Rxc2 48. Kxc2 Kxe6 49. h4 Rc7 50. Rg1 Kf5 51. Kd3 c2 52. Rc1 Kg4 53. Kxd4 Kxh4 54. Ke4 Kxg5 55. Rg1+ Kf6 56. Rf1+ Ke6 57. Rc1 g5 58. Kd4 Kf5 59. Ke3 g4 60. Rf1+ Ke5 61. Rc1 Rc8 62. Kd3 Kf4 63. Rf1+ Kg3 64. Rc1 Kf2 0-1

[Event "LLHH 2324 SK Johanneum Eppendorf II - Ha"]
[Site "?"]
[Date "2024.01.14"]
[Round "4.4"]
[White "Enxing, Simon"]
[Black "Schellhorn, Wolfgang"]
[Result "1/2-1/2"]
[WhiteElo "2130"]
[BlackElo "2081"]
[PlyCount "109"]
[EventDate "2024.??.??"]

1. d4 Nf6 2. g3 c5 3. Nf3 cxd4 4. Nxd4 e5 5. Nb3 d5 6. Bg2 Nc6 7. O-O Be7 8. Nc3 Be6 9. Bg5 d4 10. Na4 Bd5 11. Bxf6 Bxf6 12. Bxd5 Qxd5 13. Nac5 O-O-O 14. Qd3 a6 15. Rfd1 Be7 16. e4 Qd6 17. Qc4 Rhf8 18. a4 Kb8 19. c3 Rc8 20. Qd5 Rcd8 21. Qc4 h5 22. h3 Rc8 23. Qe2 g6 24. Rac1 h4 25. Rd3 f5 26. cxd4 hxg3 27. fxg3 Nxd4 28. Qd1 Bg5 29. Rcc3 Rcd8 30. Nxd4 exd4 31. Rc4 Be3+ 32. Kg2 fxe4 33. Qb3 Qc6 34. Rxe3 dxe3 35. Qxe3 Rd3 36. Qxe4 Rd2+ 37. Kg1 Rdf2 38. Qxc6 Rf1+ 39. Kh2 bxc6 40. Nd7+ Kc7 41. Nxf8 Rxf8 42. Kg2 a5 43. b4 axb4 44. Rxb4 c5 45. Rf4 Rxf4 46. gxf4 Kb6 47. h4 c4 48. Kf3 Ka5 49. f5 gxf5 50. h5 c3 51. Ke2 f4 52. h6 f3+ 53. Kxf3 c2 54. h7 c1=Q 55. h8=Q 1/2-1/2

[Event "LLHH 2324 SK Johanneum Eppendorf II - Ha"]
[Site "?"]
[Date "2024.01.14"]
[Round "4.5"]
[White "Salenko, Vadim"]
[Black "Schueler, Hendrik"]
[Result "1/2-1/2"]
[WhiteElo "1997"]
[BlackElo "2052"]
[PlyCount "45"]
[EventDate "2024.??.??"]

1. d4 d5 2. e3 Nf6 3. Bd3 g6 4. Nd2 Bg7 5. f4 O-O 6. Ngf3 Nbd7 7. O-O c5 8. c3 Ne8 9. Ne5 Qc7 10. Ndf3 Nd6 11. Bd2 Nf6 12. Ng5 Bf5 13. Bxf5 Nxf5 14. Qe2 Nd6 15. Be1 Nfe4 16. Nxe4 Nxe4 17. g4 f5 18. Kh1 e6 19. Rg1 Bxe5 20. dxe5 Kh8 21. Rg2 c4 22. Bh4 Qf7 23. h3 1/2-1/2

[Event "LLHH 2324 SK Johanneum Eppendorf II - Ha"]
[Site "?"]
[Date "2024.01.14"]
[Round "4.6"]
[White "Zobel, Andrej"]
[Black "Atri, Jamshid"]
[Result "1-0"]
[WhiteElo "2093"]
[BlackElo "2002"]
[PlyCount "79"]
[EventDate "2024.??.??"]

1. d4 b5 2. e4 Bb7 3. Bxb5 Bxe4 4. Nf3 Nf6 5. O-O e6 6. c4 Be7 7. Nc3 Bb7 8. Bf4 O-O 9. Qe2 d6 10. Rad1 Qc8 11. Ba4 Nbd7 12. Bc2 Re8 13. Rfe1 Bf8 14. Qd3 g6 15. b4 Bg7 16. c5 Nh5 17. Bc1 d5 18. Ne5 Nxe5 19. dxe5 f5 20. exf6 Nxf6 21. Bf4 Nd7 22. Bb3 c6 23. Bd6 Kh8 24. f4 e5 25. fxe5 Nxe5 26. Qg3 Qf5 27. Rf1 Qh5 28. h3 Ba6 29. b5 Bxb5 30. Nxb5 cxb5 31. Bxd5 Rad8 32. Rde1 Nc4 33. Rxe8+ Rxe8 34. Bc6 Rd8 35. Be7 Rc8 36. Bxb5 Nd2 37. Re1 h6 38. Qd6 Rxc5 39. Qxc5 Nf3+ 40. gxf3 1-0

[Event "LLHH 2324 SK Johanneum Eppendorf II - Ha"]
[Site "?"]
[Date "2024.01.14"]
[Round "4.7"]
[White "Juergens, Bernhard"]
[Black "Dumjahn, Carsten"]
[Result "1-0"]
[WhiteElo "2116"]
[BlackElo "2012"]
[PlyCount "57"]
[EventDate "2024.??.??"]

1. e4 e6 2. d4 d5 3. exd5 exd5 4. Nf3 Nf6 5. Bd3 c5 6. O-O c4 7. Re1+ Be7 8. Bf1 O-O 9. b3 cxb3 10. axb3 Nc6 11. Ne5 Re8 12. Bg5 h6 13. Bh4 Bf5 14. Nxc6 bxc6 15. Nc3 Qd7 16. Na4 Ne4 17. Bxe7 Rxe7 18. f3 Ng5 19. Nb6 axb6 20. Rxa8+ Kh7 21. c3 Qd6 22. Rxe7 Qxe7 23. Qe2 Qd6 24. Qe5 Qg6 25. Qe3 Bc2 26. h4 Ne6 27. Qe5 Bxb3 28. h5 Qg5 29. Bd3+ 1-0

[Event "LLHH 2324 SK Johanneum Eppendorf II - Ha"]
[Site "?"]
[Date "2024.01.14"]
[Round "4.8"]
[White "Markovic, Daniel"]
[Black "Wartenberg, Alissa"]
[Result "1-0"]
[WhiteElo "1956"]
[BlackElo "1721"]
[PlyCount "59"]
[EventDate "2024.??.??"]

1. e4 c5 2. Nf3 e6 3. d4 cxd4 4. Nxd4 Nf6 5. Nc3 Nc6 6. Nxc6 bxc6 7. e5 Nd5 8. Ne4 Qc7 9. f4 Qb6 10. Bd3 c5 11. c4 Nb4 12. Bb1 Bb7 13. O-O Rd8 14. Qe2 d5 15. exd6 Bxd6 16. f5 Bb8 17. Qg4 Be5 18. a3 Nd3 19. Bxd3 Rxd3 20. Qe2 Rd4 21. Ng5 Qd6 22. h3 h6 23. Nf3 Re4 24. Qf2 Rxc4 25. fxe6 Qxe6 26. Nxe5 Re4 27. Nf3 Re2 28. Qg3 h5 29. Bf4 h4 30. Qxg7 1-0

[Event "LLHH 2324 SK Weisse Dame - SC Königssp"]
[Site "?"]
[Date "2024.01.14"]
[Round "4.1"]
[White "Wagner, Friedrich"]
[Black "Popist, Florian"]
[Result "0-1"]
[WhiteElo "2119"]
[BlackElo "2193"]
[PlyCount "170"]
[EventDate "2024.??.??"]

1. c4 c5 2. g3 Nc6 3. Bg2 g6 4. e3 Bg7 5. Ne2 e5 6. Nbc3 Nge7 7. d3 O-O 8. a3 d6 9. Rb1 a5 10. O-O Rb8 11. b3 Be6 12. Nd5 b5 13. Bb2 Qd7 14. Qd2 b4 15. Nxe7+ Nxe7 16. axb4 axb4 17. d4 Rfd8 18. Rfd1 exd4 19. exd4 Bg4 20. Re1 Nc6 21. dxc5 dxc5 22. Qxd7 Bxd7 23. Bxg7 Kxg7 24. Ra1 Rbc8 25. h3 Bf5 26. Ra6 Nd4 27. Nxd4 Rxd4 28. Bd5 Rc7 29. Rc6 Rxc6 30. Bxc6 Kf6 31. Kg2 Bc2 32. Re3 Rd3 33. Rxd3 Bxd3 34. Kf3 Bc2 35. Ba4 g5 36. Ke3 Bf5 37. g4 Bc2 38. f3 Ke5 39. Kd2 Bg6 40. Ke3 Bc2 41. Kd2 Bg6 42. Ke3 f6 43. h4 h6 44. hxg5 fxg5 45. Kd2 Kf4 46. Bc6 Kg3 47. Ke2 Bc2 48. Ba4 Kf4 49. Kd2 Bg6 50. Bc6 Ke5 51. Bb7 Kd4 52. Bc6 h5 53. gxh5 Bxh5 54. Bb7 Be8 55. Bd5 Bd7 56. Bb7 Ke5 57. Ke3 Bf5 58. Kd2 Kf4 59. Bc6 Bh3 60. Ke2 Ke5 61. Ke3 Bf5 62. Kd2 Kd4 63. Bb7 Bh3 64. Bc6 Bg2 65. Bd5 Bh3 66. Bc6 Be6 67. Bb7 Bd7 68. Bd5 Ke5 69. Ke3 Bf5 70. Kd2 Kf4 71. Bc6 Be6 72. Bb7 Bd7 73. Bd5 Kg3 74. Ke2 Bf5 75. Bc6 Bc2 76. Ba4 Bg6 77. Bd7 Bh5 78. Bc6 Bg6 79. Bd7 Bb1 80. Bc6 Bf5 81. Bb7 Bc2 82. Bd5 Bxb3 83. Ke3 Bd1 84. Be4 b3 85. Bd3 Bc2 0-1

[Event "LLHH 2324 SK Weisse Dame - SC Königssp"]
[Site "?"]
[Date "2024.01.14"]
[Round "4.2"]
[White "Akca, Gani Eren"]
[Black "Harder, Clemens"]
[Result "1/2-1/2"]
[WhiteElo "2152"]
[BlackElo "2153"]
[PlyCount "138"]
[EventDate "2024.??.??"]

1. e4 e5 2. Nf3 Nc6 3. Bb5 a6 4. Ba4 d6 5. c3 f5 6. d3 Nf6 7. Bg5 h6 8. Bxf6 Qxf6 9. Nbd2 Be7 10. d4 b5 11. dxe5 Nxe5 12. Nxe5 Qxe5 13. Qh5+ Kd8 14. Bc2 Rf8 15. O-O-O b4 16. cxb4 Bf6 17. Nc4 Qb5 18. Bb3 fxe4 19. Qxb5 axb5 20. Nd2 Bb7 21. Rhe1 Bg5 22. Re2 Kd7 23. Kb1 Rae8 24. Nf1 Re5 25. Ne3 Bxe3 26. fxe3 c6 27. Kc2 d5 28. Kc3 Kd6 29. Bc2 Ke6 30. Kd4 Kd6 31. Kc3 Bc8 32. Red2 Bd7 33. Rd4 Ke6 34. R4d2 Bc8 35. b3 Rh5 36. h3 Ke5 37. a4 Bb7 38. a5 Rg5 39. Ra1 Rg3 40. Re1 Rd8 41. Kb2 Rf8 42. Bd1 Rg6 43. Bg4 Rgf6 44. Kc3 g6 45. h4 h5 46. Bh3 R8f7 47. Ra2 Ba6 48. Rae2 Rc7 49. Rd2 Rf8 50. Red1 Rcf7 51. Rc2 Rc7 52. Kb2 Rf6 53. Rdc1 Kd6 54. Kc3 Ke5 55. Kb2 Bb7 56. Ra1 Ba6 57. Rac1 Kd6 58. Kc3 Rcf7 59. Kd4 Bb7 60. a6 Ba8 61. Bc8 Rf2 62. Bb7 Rxc2 63. Rxc2 Bxb7 64. axb7 Rxb7 65. Rf2 Re7 66. Rf8 Re6 67. Rf7 Re7 68. Rf6+ Re6 69. Rf7 Re7 1/2-1/2

[Event "LLHH 2324 SK Weisse Dame - SC Königssp"]
[Site "?"]
[Date "2024.01.14"]
[Round "4.3"]
[White "Hloskovsky, Andrei"]
[Black "Lansky, Georg"]
[Result "0-1"]
[WhiteElo "2100"]
[BlackElo "2074"]
[PlyCount "126"]
[EventDate "2024.??.??"]

1. e4 e6 2. d4 d5 3. exd5 exd5 4. Nf3 Nc6 5. Bd3 Bd6 6. O-O Nge7 7. c3 Be6 8. Re1 Qd7 9. b4 O-O-O 10. Qa4 Bf5 11. Bf1 Be4 12. Nbd2 Qf5 13. Nxe4 dxe4 14. Ng5 e3 15. Bxe3 Nd5 16. b5 Nxe3 17. Rxe3 Nxd4 18. Ne4 Bf4 19. Bd3 Bxe3 20. Nd6+ Rxd6 21. Bxf5+ Nxf5 22. fxe3 Kb8 23. e4 Ne7 24. Rd1 Rhd8 25. Rxd6 Rxd6 26. Qc4 Rd1+ 27. Kf2 Rd6 28. Kg1 Rd1+ 29. Kf2 Rd6 30. e5 Re6 31. Qd4 b6 32. a4 Ng6 33. Qd8+ Kb7 34. Qd5+ Kb8 35. Qd8+ Kb7 36. Qg8 Nxe5 37. h3 g6 38. Qxh7 Nd3+ 39. Kg1 f5 40. Qf7 Nc5 41. Kh2 Rd6 42. Qc4 Ne4 43. Qb4 a5 44. bxa6+ Kxa6 45. c4 Rc6 46. Qb5+ Kb7 47. Qd5 Nf6 48. Qd3 Ne4 49. g4 Nc5 50. Qc2 fxg4 51. hxg4 Nd7 52. Qe4 Nc5 53. Qc2 Nd7 54. Qg2 Nc5 55. Qa2 Nd7 56. a5 Nb8 57. Kg3 Rc5 58. axb6 cxb6 59. Qe2 g5 60. Qe6 Nc6 61. Kg2 Na5 62. Qe4+ Ka7 63. Qe7+ Ka6 0-1

[Event "LLHH 2324 SK Weisse Dame - SC Königssp"]
[Site "?"]
[Date "2024.01.14"]
[Round "4.4"]
[White "Mandelbaum, Peter-Rene"]
[Black "Cremer, Jochen"]
[Result "1/2-1/2"]
[WhiteElo "2095"]
[BlackElo "2086"]
[PlyCount "43"]
[EventDate "2024.??.??"]

1. e4 c5 2. Nf3 d6 3. Bb5+ Bd7 4. Bxd7+ Qxd7 5. c4 Nf6 6. Nc3 g6 7. O-O Bg7 8. d4 cxd4 9. Nxd4 O-O 10. h3 Nc6 11. Nf3 Rac8 12. Qe2 h6 13. Bd2 Qe6 14. Rac1 Rfe8 15. b3 Kh7 16. Rfe1 Nd7 17. Nd5 Nde5 18. Nxe5 Bxe5 19. Qe3 Bg7 20. Bc3 Bxc3 21. Rxc3 Qe5 22. Qf4 1/2-1/2

[Event "LLHH 2324 SK Weisse Dame - SC Königssp"]
[Site "?"]
[Date "2024.01.14"]
[Round "4.5"]
[White "Moehrmann, Marcus"]
[Black "Ludwig, Jan"]
[Result "0-1"]
[WhiteElo "1999"]
[BlackElo "2039"]
[PlyCount "86"]
[EventDate "2024.??.??"]

1. e4 e6 2. d4 d5 3. e5 c5 4. c3 Nc6 5. Nf3 Bd7 6. g3 Qb6 7. Bg2 cxd4 8. cxd4 Nge7 9. O-O Nf5 10. Be3 Qxb2 11. Nbd2 Qa3 12. Qe2 Be7 13. Rfb1 Rb8 14. Rb3 Qa5 15. g4 Nxe3 16. Rxe3 O-O 17. Nb3 Qb6 18. g5 a5 19. a4 Nb4 20. h4 Rbc8 21. Ne1 Rc4 22. Qd2 Rfc8 23. Bf1 R4c7 24. Rf3 Be8 25. Qf4 Rc3 26. Bb5 Rxf3 27. Qxf3 Bxb5 28. axb5 Ra8 29. Qe2 a4 30. Nf3 Ra7 31. Nbd2 Nc2 32. Rc1 Nxd4 33. Rc8+ Bf8 34. Nxd4 Qxd4 35. Nf3 Qg4+ 36. Kh2 Qb4 37. h5 a3 38. g6 hxg6 39. hxg6 Qf4+ 40. Kg2 Qg4+ 41. Kh2 Qh5+ 42. Kg2 Qxg6+ 43. Kh2 a2 0-1

[Event "LLHH 2324 SK Weisse Dame - SC Königssp"]
[Site "?"]
[Date "2024.01.14"]
[Round "4.6"]
[White "Schiele, Lars"]
[Black "Chin, Karin"]
[Result "0-1"]
[WhiteElo "2040"]
[BlackElo "2037"]
[PlyCount "110"]
[EventDate "2024.??.??"]

1. d4 Nf6 2. c4 g6 3. Nc3 Bg7 4. e4 d6 5. Nf3 O-O 6. Be2 e5 7. O-O Nc6 8. d5 Ne7 9. Ne1 Nd7 10. Be3 f5 11. f3 f4 12. Bf2 g5 13. Nb5 b6 14. b4 a6 15. Nc3 Rf6 16. Nd3 Rh6 17. c5 Qe8 18. Rc1 Qh5 19. h4 Ng6 20. g4 fxg3 21. Bxg3 Nf4 22. Kf2 bxc5 23. Na4 Nf6 24. bxc5 Bd7 25. Nc3 Rf8 26. Ke1 Ng2+ 27. Kd2 gxh4 28. Bf2 Qg5+ 29. Kc2 Rg6 30. c6 Bc8 31. Rb1 Nh5 32. Qd2 Ng3 33. Rg1 Qxd2+ 34. Kxd2 Bh6+ 35. Kc2 Nxe2 36. Nxe2 Rxf3 37. Rh1 Rg4 38. Nc3 Bg5 39. Ba7 Ne3+ 40. Kb3 Kg7 41. Bb8 Nxd5 42. exd5 Rxd3 43. Rbg1 Rgg3 44. Rxg3 hxg3 45. Bxc7 Be3 46. Kc2 Rd2+ 47. Kb3 g2 48. Re1 g1=Q 49. Rxg1+ Bxg1 50. Bxd6 Bd4 51. Ne4 Rd3+ 52. Kc4 Re3 53. Nc5 Kf7 54. Nd3 h5 55. Bc5 Rxd3 0-1

[Event "LLHH 2324 SK Weisse Dame - SC Königssp"]
[Site "?"]
[Date "2024.01.14"]
[Round "4.7"]
[White "Wolter, Michael"]
[Black "Kuhle, Sebastian"]
[Result "0-1"]
[WhiteElo "2144"]
[BlackElo "2042"]
[PlyCount "80"]
[EventDate "2024.??.??"]

1. d4 Nf6 2. Nf3 e6 3. e3 c5 4. Bd3 d5 5. b3 Nbd7 6. Bb2 a6 7. O-O Bd6 8. c4 b6 9. Nbd2 Bb7 10. Re1 O-O 11. e4 dxe4 12. Nxe4 Be7 13. Qe2 cxd4 14. Bxd4 Qc7 15. Rad1 Rfd8 16. Bc3 Nxe4 17. Bxe4 Bxe4 18. Qxe4 b5 19. Rc1 Nc5 20. Qg4 Bf8 21. cxb5 f5 22. Qc4 axb5 23. Qe2 Nd3 24. Qxe6+ Qf7 25. Qxf7+ Kxf7 26. Ne5+ Nxe5 27. Rxe5 Rac8 28. Ree1 Ba3 29. Ba5 Bxc1 30. Bxd8 Bd2 31. Rd1 Rxd8 32. a4 bxa4 33. bxa4 Bg5 34. Rxd8 Bxd8 35. g3 g5 36. h3 Ke6 37. Kg2 Ke5 38. Kf3 Bb6 39. Ke2 h5 40. Kf3 g4+ 0-1

[Event "LLHH 2324 SK Weisse Dame - SC Königssp"]
[Site "?"]
[Date "2024.01.14"]
[Round "4.8"]
[White "Kielhorn, Sebastian"]
[Black "Knops, Peter"]
[Result "1/2-1/2"]
[WhiteElo "1969"]
[BlackElo "1903"]
[PlyCount "45"]
[EventDate "2024.??.??"]

1. d4 d5 2. c4 c6 3. Nf3 Nf6 4. g3 dxc4 5. Bg2 g6 6. O-O Bg7 7. Ne5 Ng4 8. Nxc4 Qxd4 9. Qb3 O-O 10. h3 Ne5 11. Nxe5 Qxe5 12. Nc3 Nd7 13. Be3 Qa5 14. Rfd1 Nb6 15. Ne4 Be6 16. Qc2 Rad8 17. Nc5 Bc8 18. a4 Qb4 19. Nd3 Qc4 20. Qb1 Bd4 21. Bh6 Bg7 22. Be3 Bd4 23. Bh6 1/2-1/2

[Event "LLHH 2324 SC Diogenes - SV Großhansdorf"]
[Site "?"]
[Date "2024.01.14"]
[Round "4.1"]
[White "Wahls, Matthias"]
[Black "Schulenburg, Fabian"]
[Result "1-0"]
[WhiteElo "2530"]
[BlackElo "2274"]
[PlyCount "59"]
[EventDate "2024.??.??"]

1. e4 d5 2. exd5 Qxd5 3. Nc3 Qa5 4. d4 Nf6 5. Bd2 c6 6. h3 Bf5 7. g4 Bg6 8. f4 e6 9. Qe2 Be7 10. O-O-O Nd5 11. Bg2 Nxc3 12. Bxc3 Qxa2 13. h4 h6 14. f5 Bh7 15. d5 O-O 16. fxe6 Na6 17. Nf3 cxd5 18. exf7+ Rxf7 19. Ne5 Rd8 20. Nxf7 Kxf7 21. Rhf1+ Ke8 22. Qb5+ Rd7 23. Bxd5 Qa1+ 24. Kd2 Qxd1+ 25. Rxd1 Nc7 26. Qxd7+ Kxd7 27. Bxb7 Bxh4 28. Bxg7 Bg5+ 29. Kc3+ Ke7 30. Bc6 1-0

[Event "LLHH 2324 SC Diogenes - SV Großhansdorf"]
[Site "?"]
[Date "2024.01.14"]
[Round "4.2"]
[White "Schulenburg, Torben"]
[Black "Paul, Anatolij"]
[Result "1-0"]
[WhiteElo "2223"]
[BlackElo "2072"]
[PlyCount "87"]
[EventDate "2024.??.??"]

1. d4 d6 2. c4 e5 3. Nc3 exd4 4. Qxd4 Nc6 5. Qd2 g6 6. b3 Bg7 7. Bb2 Nf6 8. g3 O-O 9. Nh3 Re8 10. Nf4 Ne5 11. Bg2 Rb8 12. O-O Bd7 13. Rac1 Bc6 14. Ncd5 Nfd7 15. b4 Nf8 16. Rfd1 Ne6 17. Qc2 Nxf4 18. gxf4 Ng4 19. e3 Bxd5 20. cxd5 Bxb2 21. Qxb2 f5 22. Rd2 Kf7 23. Qd4 b6 24. Rdc2 Re7 25. Rc6 Nf6 26. Qc3 Rb7 27. Bf1 Ne4 28. Qb2 b5 29. Ra6 Rd7 30. Qd4 Qh4 31. Rc2 Re7 32. Bg2 g5 33. fxg5 Qxg5 34. Kf1 Qh5 35. f3 Ng5 36. Qf4 Nh3 37. Bxh3 Qxh3+ 38. Rg2 Re5 39. e4 Ke8 40. Kg1 fxe4 41. Rg8+ Kd7 42. Qf8 Qh4 43. Qc8+ Ke7 44. Qd8+ 1-0

[Event "LLHH 2324 SC Diogenes - SV Großhansdorf"]
[Site "?"]
[Date "2024.01.14"]
[Round "4.3"]
[White "Felten, Joachim"]
[Black "Mach, Holger"]
[Result "0-1"]
[WhiteElo "2096"]
[BlackElo "2195"]
[PlyCount "62"]
[EventDate "2024.??.??"]

1. e4 c5 2. Nf3 Nc6 3. d4 cxd4 4. Nxd4 e5 5. Nb5 d6 6. N1c3 a6 7. Na3 b5 8. Nd5 Be7 9. c4 b4 10. Nc2 Rb8 11. g3 Nf6 12. Bg2 Be6 13. O-O O-O 14. b3 Qd7 15. Bd2 a5 16. a3 bxa3 17. Rxa3 Bh3 18. Bxh3 Qxh3 19. Nxf6+ Bxf6 20. Bxa5 Nxa5 21. Rxa5 Rxb3 22. Qxd6 h5 23. Ra3 Rb2 24. Rc3 Qg4 25. f3 Qh3 26. Qa3 Rfb8 27. Qa1 Bg5 28. Qd1 Rd8 29. Rd3 Be3+ 30. Kh1 Rxd3 31. Qxd3 Rxc2 0-1

[Event "LLHH 2324 SC Diogenes - SV Großhansdorf"]
[Site "?"]
[Date "2024.01.14"]
[Round "4.4"]
[White "Gottuk, Stefan"]
[Black "Ennenbach, Ralph"]
[Result "1/2-1/2"]
[WhiteElo "2173"]
[BlackElo "2105"]
[PlyCount "32"]
[EventDate "2024.??.??"]

1. e4 c5 2. c3 Nf6 3. e5 Nd5 4. g3 d6 5. exd6 Qxd6 6. Bg2 Nc6 7. Ne2 Nb6 8. d4 Bg4 9. Bf4 e5 10. dxe5 Qxd1+ 11. Kxd1 O-O-O+ 12. Nd2 Nc4 13. Bxc6 bxc6 14. b3 Nb2+ 15. Kc2 Nd3 16. f3 Bf5 1/2-1/2

[Event "LLHH 2324 SC Diogenes - SV Großhansdorf"]
[Site "?"]
[Date "2024.01.14"]
[Round "4.5"]
[White "Limbach, Torsten"]
[Black "Laqua, Christian"]
[Result "1/2-1/2"]
[WhiteElo "1952"]
[BlackElo "2019"]
[PlyCount "105"]
[EventDate "2024.??.??"]

1. c4 e5 2. g3 d6 3. Bg2 f5 4. Nc3 Nf6 5. d3 Be7 6. e4 fxe4 7. dxe4 c6 8. Nge2 Be6 9. b3 O-O 10. O-O Qd7 11. Ba3 Na6 12. Qd2 Nc7 13. Rad1 Rad8 14. Qc1 Qc8 15. f4 exf4 16. gxf4 Bg4 17. f5 Rfe8 18. Qf4 c5 19. Rd2 a6 20. Bb2 b5 21. cxb5 axb5 22. a3 b4 23. axb4 cxb4 24. Nd1 Bxe2 25. Rxe2 Nb5 26. Ne3 Nc3 27. Rc2 Qc5 28. Kh1 Nd7 29. Bxc3 bxc3 30. Nd5 Bf6 31. Rfc1 Be5 32. Qf1 Rb8 33. Nxc3 Rxb3 34. Nd5 Qa5 35. Nf6+ Bxf6 36. Qc4+ Kh8 37. Qxb3 Nc5 38. Qf7 Qd8 39. Qd5 Be5 40. Qf7 Rf8 41. Qh5 Rf6 42. Qd1 Rf8 43. Qd5 Qb6 44. Qd1 Qd8 45. Qg4 Qb6 46. Bf1 Qb3 47. Bg2 Bb2 48. Qd1 Be5 49. Rb1 Qe3 50. Qg4 Qh6 51. h3 Qe3 52. Re2 Qd3 53. Rf1 1/2-1/2

[Event "LLHH 2324 SC Diogenes - SV Großhansdorf"]
[Site "?"]
[Date "2024.01.14"]
[Round "4.6"]
[White "Rieling, Thomas"]
[Black "Baldauf, Bastian"]
[Result "0-1"]
[WhiteElo "2075"]
[BlackElo "2090"]
[PlyCount "92"]
[EventDate "2024.??.??"]

1. e4 c5 2. Nc3 Nc6 3. f4 d6 4. Nf3 g6 5. Bb5 Bg7 6. Bxc6+ bxc6 7. d3 Qb6 8. Ne2 Bg4 9. O-O Bxb2 10. Bxb2 Qxb2 11. h3 Bxf3 12. Rxf3 Rb8 13. d4 c4 14. Nc3 Qb6 15. Kh1 Nf6 16. e5 Nd5 17. exd6 exd6 18. Rb1 Qc7 19. Rxb8+ Qxb8 20. Qe2+ Kd7 21. Qxc4 Qb4 22. Qb3 Qxb3 23. axb3 Nb4 24. Rf2 Re8 25. Kh2 Re3 26. Nd1 Re1 27. Nb2 Re4 28. c3 Nd5 29. Nd1 Rxf4 30. Ra2 Rf1 31. Rxa7+ Ke6 32. c4 Rxd1 33. cxd5+ cxd5 34. Ra4 h5 35. h4 Kf5 36. Ra7 f6 37. g3 Rxd4 38. Kh3 Rb4 39. Rd7 Rb6 40. Kg2 d4 41. Kf2 Kg4 42. Re7 d5 43. Rd7 Rxb3 44. Rxd5 Rf3+ 45. Ke2 d3+ 46. Kd2 Kxg3 0-1

[Event "LLHH 2324 SC Diogenes - SV Großhansdorf"]
[Site "?"]
[Date "2024.01.14"]
[Round "4.7"]
[White "Willers, Nico"]
[Black "Kilic, Oguz"]
[Result "1/2-1/2"]
[WhiteElo "1682"]
[BlackElo "2049"]
[PlyCount "102"]
[EventDate "2024.??.??"]

1. d4 f5 2. Nf3 Nf6 3. Bf4 g6 4. e3 Bg7 5. Bd3 O-O 6. O-O d6 7. h3 Nh5 8. Bh2 Nc6 9. Nc3 e6 10. Qd2 g5 11. Qe2 g4 12. hxg4 fxg4 13. Nd2 e5 14. d5 Nb4 15. Nde4 Qh4 16. Bg3 Nxg3 17. fxg3 Qe7 18. Bc4 Bf5 19. a3 Na6 20. Bxa6 bxa6 21. Qxa6 h5 22. Qe2 Bh6 23. Rf2 Qh7 24. Qd3 Bg7 25. Raf1 h4 26. gxh4 g3 27. Rxf5 Rxf5 28. Nxg3 Rxf1+ 29. Nxf1 Qxh4 30. Qg6 Rf8 31. g3 Qh3 32. Nd2 Rf6 33. Qe8+ Kh7 34. Nce4 Rg6 35. Nf1 Qf5 36. Nfd2 Rg4 37. Kh2 Rxe4 38. Nxe4 Qxe4 39. Qh5+ Kg8 40. Qe8+ Bf8 41. Qe6+ Kg7 42. Qd7+ Kh8 43. Qxc7 Qxe3 44. Qf7 Bg7 45. c4 Qe2+ 46. Kh3 Qxc4 47. Qe8+ Kh7 48. Qh5+ Kg8 49. Qe8+ Bf8 50. Qg6+ Kh8 51. Qf6+ Kg8 1/2-1/2

[Event "LLHH 2324 SC Diogenes - SV Großhansdorf"]
[Site "?"]
[Date "2024.01.14"]
[Round "4.8"]
[White "Potztal, Gerd"]
[Black "Kemeny, Matthias"]
[Result "*"]
[WhiteElo "2157"]
[BlackElo "1932"]
[PlyCount "136"]
[EventDate "2024.??.??"]

1. c4 Nf6 2. Nc3 d5 3. cxd5 Nxd5 4. g3 g6 5. Bg2 Nb6 6. d3 Bg7 7. h4 h5 8. Bd2 c6 9. Qc1 N8d7 10. Rb1 Nf6 11. Nh3 Nbd5 12. Ng5 O-O 13. O-O a5 14. b3 Bg4 15. Re1 Nc7 16. Nge4 Nxe4 17. Nxe4 Nb5 18. Bh6 Qd4 19. Bxg7 Qxg7 20. Nc5 Nd6 21. a3 Rab8 22. b4 axb4 23. Rxb4 Rfd8 24. a4 Qf6 25. Qb1 Ra8 26. Qb3 Bc8 27. d4 e5 28. d5 Ra5 29. Rc1 cxd5 30. Bxd5 Qe7 31. Rb6 Nf5 32. Qb4 Ra7 33. Bxb7 Nd4 34. Qb2 Bxb7 35. Rxb7 Rxb7 36. Qxb7 Qxb7 37. Nxb7 Rb8 38. Rc7 Nxe2+ 39. Kf1 Nd4 40. Nd6 Ne6 41. Rxf7 Rd8 42. Rf6 Rxd6 43. Rxg6+ Kh7 44. Rf6 Rc6 45. Rf5 Rc1+ 46. Kg2 Re1 47. Rxh5+ Kg6 48. Rh8 Ra1 49. Ra8 e4 50. Kh2 Ra2 51. Kg1 Kf5 52. Ra6 Nd4 53. Ra8 Nf3+ 54. Kg2 Ne1+ 55. Kh3 Nd3 56. g4+ Ke5 57. Ra5+ Kd4 58. h5 Nxf2+ 59. Kg3 e3 60. h6 Ne4+ 61. Kh3 Nf6 62. Ra7 e2 63. Re7 Ra3+ 64. Kh4 Re3 65. Rxe3 Kxe3 66. Kg5 Ne4+ 67. Kg6 e1=Q 68. h7 Qc3 *

[Event "LLHH 2324 SK Marmstorf - FC St. Pauli II"]
[Site "?"]
[Date "2024.01.14"]
[Round "4.1"]
[White "Kahlert, Thomas"]
[Black "Carlstedt, Jonathan"]
[Result "0-1"]
[WhiteElo "2121"]
[BlackElo "2447"]
[PlyCount "114"]
[EventDate "2024.??.??"]

1. c4 e5 2. Nc3 Nf6 3. Nf3 e4 4. Nd4 Bb4 5. g3 Nc6 6. Nc2 Bxc3 7. dxc3 Ne5 8. b3 d6 9. Bg5 Bg4 10. Qd2 h6 11. Bxf6 Qxf6 12. Bg2 O-O-O 13. Ne3 Rhe8 14. O-O Qg6 15. Qc2 f5 16. Rae1 Qh5 17. f3 exf3 18. exf3 Bxf3 19. Qxf5+ Qxf5 20. Nxf5 Bxg2 21. Kxg2 Rd7 22. h3 h5 23. Re3 g6 24. Nd4 Rde7 25. Rf6 Kd8 26. Re2 a5 27. Rd2 b6 28. Kf1 Kd7 29. h4 Rf7 30. Rdf2 Rxf6 31. Rxf6 Rg8 32. Ke2 Ke7 33. Rf1 a4 34. Kd2 Ra8 35. Nc2 c6 36. Kc1 Kd7 37. Kb2 Re8 38. Kc1 Nd3+ 39. Kd2 axb3 40. axb3 Nc5 41. Nd4 Re7 42. b4 Ne4+ 43. Kd3 c5 44. Ne2 d5 45. cxd5 c4+ 46. Kc2 Kd6 47. Nf4 Nxg3 48. Rg1 Re3 49. Kd2 Rf3 50. Ne2 Ne4+ 51. Kc2 Rf6 52. Rg2 Kxd5 53. Ng3 Rf2+ 54. Rxf2 Nxf2 55. Ne2 Ke5 56. Kd2 Ne4+ 57. Ke3 Nd6 0-1

[Event "LLHH 2324 SK Marmstorf - FC St. Pauli II"]
[Site "?"]
[Date "2024.01.14"]
[Round "4.2"]
[White "Kuberczyk, Christoph"]
[Black "Thieme, Daniel Otis"]
[Result "1/2-1/2"]
[WhiteElo "2272"]
[BlackElo "2103"]
[PlyCount "41"]
[EventDate "2024.??.??"]

1. Nf3 Nf6 2. g3 b5 3. Bg2 Bb7 4. O-O e6 5. b3 c5 6. c4 a6 7. Bb2 Be7 8. d3 O-O 9. e4 d6 10. Qe2 Qc7 11. Nbd2 Nc6 12. d4 e5 13. d5 Nd4 14. Nxd4 cxd4 15. f4 b4 16. Kh1 Nd7 17. Nf3 Nc5 18. Ne1 a5 19. Nd3 a4 20. Nxc5 Qxc5 21. Rab1 1/2-1/2

[Event "LLHH 2324 SK Marmstorf - FC St. Pauli II"]
[Site "?"]
[Date "2024.01.14"]
[Round "4.3"]
[White "zur Lage, Julian"]
[Black "Hawellek, Jeronimo"]
[Result "0-1"]
[WhiteElo "2107"]
[BlackElo "2296"]
[PlyCount "74"]
[EventDate "2024.??.??"]

1. d4 f5 2. Nf3 Nf6 3. g3 e6 4. Bg2 d5 5. c4 c6 6. Qc2 Bd6 7. O-O O-O 8. b3 Qe7 9. e3 b6 10. a4 Na6 11. Ba3 Nb4 12. Bxb4 Bxb4 13. Ne5 Bb7 14. Nd3 a5 15. Nd2 Ne4 16. Nf3 c5 17. dxc5 dxc4 18. Nxb4 axb4 19. cxb6 c3 20. Rfd1 Ra5 21. Nd4 Rb8 22. Nb5 Bc6 23. Nd4 Bd5 24. f3 Nd2 25. e4 Qc5 26. Rxd2 cxd2 27. Qxd2 Bxb3 28. Kh1 Bxa4 29. b7 Qc3 30. Qxc3 bxc3 31. Nc6 Bxc6 32. Rxa5 Rxb7 33. Rc5 Rb1+ 34. Bf1 Bb5 35. exf5 Bxf1 36. Kg1 Bd3+ 37. Kg2 c2 0-1